The Anatomical record. Supplement.

Bibliographic Details
Corporate Authors: American Association of Anatomists, Wistar Institute of Anatomy and Biology
Format: Serial
Language:English
Published: New York, N.Y. : Published for the Wistar Institute by Alan R. Liss, [1983-]
Subjects:
Online Availability: Check for online availability

MARC

Tag First Indicator Second Indicator Subfields
LEADER 00000cas a2200000 a 4500
001 in00000009232
005 20151007051515.0
008 840309c19839999nyuuu1m |||| 1uuua0eng d
010 |z sc 84004011 sn84037722  
022 0 |a 0749-3002 
035 |a (OCoLC)10503181 
035 |9 AAA3312AM 
040 |a TMV  |c TMV  |d HUL  |d NLM  |d DLC  |d NST  |d AIP  |d NST  |d NSD  |d NST   |d AIP  |d m/c  |d UtOrBLW 
042 |a lc  |a nsdp 
049 |a TXAE 
050 4 |a QL801  |b .A452 
060 0 0 |a W1  |b AN193A 
082 1 |a 611  |2 11 
210 0 |a Anat. rec., Suppl. 
222 4 |a The Anatomical record. Supplement 
245 0 4 |a The Anatomical record.  |p Supplement. 
264 1 |a New York, N.Y. :  |b Published for the Wistar Institute by Alan R. Liss,  |c [1983-] 
264 4 |c ©1983- 
300 |a volumes :  |b illustrations ;  |c 26 cm. 
336 |a text  |b txt  |2 rdacontent 
337 |a unmediated  |b n  |2 rdamedia 
338 |a volume  |b nc  |2 rdacarrier 
362 0 |a 1 (1983)- 
500 |a Title from cover. 
510 1 |a Index medicus  |x 0019-3879 
500 |a An official publication of the American Association of Anatomists. 
650 0 |a Anatomy  |v Periodicals. 
710 2 |a American Association of Anatomists. 
710 2 |a Wistar Institute of Anatomy and Biology. 
772 0 |t Anatomical record  |x 0003-276X, (DLC) 43002181 
999 |a MARS 
999 f f |s 0576f156-7c48-344e-a336-271905e6dc78  |i 76c366a8-9342-354d-ad9c-5eac3d125b4c  |t 0 
952 f f |p normal  |a Texas A&M University  |b College Station  |c Sterling C. Evans Library  |d Evans: Library Stacks  |t 0  |e QL801 .A452  |h Library of Congress classification  |i unmediated -- volume  |k Suppl.1  |l 1983  |m A14812549211 
998 f f |a QL801 .A452  |s Suppl.1 (1983)  |t 0  |l Evans: Library Stacks